<?xml version="1.0" encoding="UTF-8"?>
<record
    xmlns:xsi="http://www.w3.org/2001/XMLSchema-instance"
    xsi:schemaLocation="http://www.loc.gov/MARC21/slim http://www.loc.gov/standards/marcxml/schema/MARC21slim.xsd"
    xmlns="http://www.loc.gov/MARC21/slim">

  <leader>02516nam a22004097a 4500</leader>
  <datafield tag="999" ind1=" " ind2=" ">
    <subfield code="c">5205</subfield>
    <subfield code="d">5205</subfield>
  </datafield>
  <controlfield tag="003">OSt</controlfield>
  <controlfield tag="005">20260413125322.0</controlfield>
  <controlfield tag="008">240305b           ||||| |||| 00| 0 spa d</controlfield>
  <datafield tag="020" ind1=" " ind2=" ">
    <subfield code="a">9789873048456</subfield>
  </datafield>
  <datafield tag="040" ind1=" " ind2=" ">
    <subfield code="c">PJ-TDF</subfield>
  </datafield>
  <datafield tag="245" ind1="1" ind2="0">
    <subfield code="a">Revista de Derecho de Da&#xF1;os :</subfield>
    <subfield code="b">da&#xF1;os indemnizables /</subfield>
    <subfield code="c">Jorge Mosset Iturraspe ; Ricardo Luis Lorenzetti directores.</subfield>
  </datafield>
  <datafield tag="260" ind1=" " ind2=" ">
    <subfield code="a">Buenos Aires : </subfield>
    <subfield code="b">Rubinzal - Culzoni, </subfield>
    <subfield code="c">2023.</subfield>
  </datafield>
  <datafield tag="300" ind1=" " ind2=" ">
    <subfield code="a">821 p.</subfield>
    <subfield code="c">22 cm.</subfield>
  </datafield>
  <datafield tag="310" ind1=" " ind2=" ">
    <subfield code="a">cuatrimestral</subfield>
  </datafield>
  <datafield tag="362" ind1=" " ind2=" ">
    <subfield code="a">No. 3 (2023)</subfield>
  </datafield>
  <datafield tag="505" ind1=" " ind2=" ">
    <subfield code="t">Derechos de incidencia colectiva : de la teor&#xED;a a la pr&#xE1;ctica  /
</subfield>
    <subfield code="r">Andr&#xE9;s Gil Dom&#xED;nguez.</subfield>
  </datafield>
  <datafield tag="505" ind1=" " ind2=" ">
    <subfield code="t">La legitimaci&#xF3;n activa en los procesos colectivos - precisiones y estado actual en argentina /
</subfield>
    <subfield code="r">Abraham Luis Vargas.</subfield>
  </datafield>
  <datafield tag="505" ind1=" " ind2=" ">
    <subfield code="t">La prueba en los procesos colectivos /
</subfield>
    <subfield code="r">H&#xE9;ctor Eduardo Leguisam&#xF3;n.</subfield>
  </datafield>
  <datafield tag="505" ind1=" " ind2=" ">
    <subfield code="t">Sentencia colectiva - el desaf&#xED;o de trabajar sin un sistema /
</subfield>
    <subfield code="r">Jos&#xE9; Mar&#xED;a Salgado.</subfield>
  </datafield>
  <datafield tag="505" ind1=" " ind2=" ">
    <subfield code="t">Reglamento de actuaci&#xF3;n en procesos colectivos de la Corte Suprema de Justicia de la Naci&#xF3;n /</subfield>
    <subfield code="r">Mar&#xED;a del Carmen Romero Acu&#xF1;a. 
</subfield>
  </datafield>
  <datafield tag="505" ind1=" " ind2=" ">
    <subfield code="t">El rol del Ministerio P&#xFA;blico Fiscal en el marco de las acciones colectivas de consumo /</subfield>
    <subfield code="r">Santiago Soria.</subfield>
    <subfield code="r">Marcos Palma.</subfield>
  </datafield>
  <datafield tag="505" ind1=" " ind2=" ">
    <subfield code="t">Acciones colectivas con relaci&#xF3;n a servicios p&#xFA;blicos y pol&#xED;ticas p&#xFA;blicas /
</subfield>
    <subfield code="r">Silvia B. Palacio de Caeiro. </subfield>
  </datafield>
  <datafield tag="505" ind1=" " ind2=" ">
    <subfield code="t">Acciones colectivas de seguros: un breve repaso de la realidad actual /</subfield>
    <subfield code="r">Pablo S. Cereijido.
</subfield>
    <subfield code="r">Andrea I. Zaniratto.</subfield>
  </datafield>
  <datafield tag="505" ind1=" " ind2=" ">
    <subfield code="t">Costas y honorarios en las acciones colectivas /
</subfield>
    <subfield code="r">Lucas O. Abal.</subfield>
  </datafield>
  <datafield tag="505" ind1=" " ind2=" ">
    <subfield code="t">Acciones colectivas relativas a los derechos de ni&#xF1;os, ni&#xF1;as y adolescentes. Experiencia jurisprudencial /
</subfield>
    <subfield code="r">A&#xED;da Kemelmajer. </subfield>
  </datafield>
  <datafield tag="505" ind1=" " ind2=" ">
    <subfield code="t">Vulnerabilidad. Personas internadas por salud mental. De los procesos colectivos y la constante b&#xFA;squeda de efectividad de los derechos /
</subfield>
    <subfield code="r">Guillermina Leontina Sosa.</subfield>
  </datafield>
  <datafield tag="505" ind1=" " ind2=" ">
    <subfield code="t">Derecho a la salud y acciones colectivas /
</subfield>
    <subfield code="r">Pablo Luis Manili.</subfield>
  </datafield>
  <datafield tag="505" ind1=" " ind2=" ">
    <subfield code="t">Las acciones colectivas como instrumento en la lucha contra pr&#xE1;cticas o cl&#xE1;usulas abusivas /
</subfield>
    <subfield code="r">Mar&#xED;a Fabiana Compiani.</subfield>
  </datafield>
  <datafield tag="505" ind1=" " ind2=" ">
    <subfield code="t">Defensa colectiva de la libre competencia /
</subfield>
    <subfield code="r">Jos&#xE9; H. Sahi&#xE1;n. </subfield>
  </datafield>
  <datafield tag="505" ind1=" " ind2=" ">
    <subfield code="t">Acciones colectivas en relaci&#xF3;n con los negocios bancarios  /
</subfield>
    <subfield code="r">Mar&#xED;a Teresa Gianelli.</subfield>
  </datafield>
  <datafield tag="650" ind1=" " ind2="0">
    <subfield code="9">3331</subfield>
    <subfield code="a">DA&#xD1;O</subfield>
  </datafield>
  <datafield tag="650" ind1=" " ind2="0">
    <subfield code="9">1382</subfield>
    <subfield code="a">INDEMNIZACION</subfield>
  </datafield>
  <datafield tag="700" ind1=" " ind2=" ">
    <subfield code="9">528</subfield>
    <subfield code="a">Mosset Iturraspe, Jorge </subfield>
    <subfield code="e">director</subfield>
  </datafield>
  <datafield tag="700" ind1=" " ind2=" ">
    <subfield code="a">Lorenzetti, Ricardo Luis</subfield>
    <subfield code="e">director</subfield>
    <subfield code="9">529</subfield>
  </datafield>
  <datafield tag="942" ind1=" " ind2=" ">
    <subfield code="2">udc</subfield>
    <subfield code="c">PP</subfield>
  </datafield>
  <datafield tag="952" ind1=" " ind2=" ">
    <subfield code="0">0</subfield>
    <subfield code="1">0</subfield>
    <subfield code="2">udc</subfield>
    <subfield code="4">0</subfield>
    <subfield code="7">0</subfield>
    <subfield code="a">DJS</subfield>
    <subfield code="b">DJS</subfield>
    <subfield code="d">2026-04-13</subfield>
    <subfield code="p">6725</subfield>
    <subfield code="r">2026-04-13</subfield>
    <subfield code="w">2026-04-13</subfield>
    <subfield code="y">PP</subfield>
  </datafield>
</record>
